=LDR 00000nam 2200000 4500 =001 INLIS000000000014587 =005 20130612105850 =008 ***********************************Ind** =035 ##$$0010-061300000014587 =041 ##$$a Ind =082 ##$$a 613.42 =090 ##$$a 631.42, Kus p =100 ##$$a Kuswandi =245 ##$$a Pengapuran tanah pertanian, Kuswandi =260 ##$$a 1993 $b Yogyakarta =300 ##$$a 92 hlm, Ilus, 21 cm =650 ##$$a Pengapuran =850 ##$$a NBPNMAT